[Event "Stuttgart-chB int"]
[Site "Ditzingen"]
[Date "2018.05.13"]
[Round "7"]
[White "Wallinger, Lukas"]
[Black "Bitzenauer, Sebastian"]
[Result "1-0"]
[WhiteElo "1677"]
[BlackElo "1880"]
[PlyCount "125"]
[EventDate "2018.05.10"]
[EventType "swiss"]
[EventRounds "7"]
[EventCountry "GER"]
[SourceTitle "EXT 2020"]
[Source "ChessBase"]
[SourceDate "2019.10.17"]
[SourceVersion "1"]
[SourceVersionDate "2019.10.17"]
[SourceQuality "1"]

1. e4 c5 2. c3 d6 3. d4 Nf6 4. Bd3 g6 5. Be3 cxd4 6. cxd4 Bg7 7. h3 0-0 8. Nf3 a6 9. 0-0 Nc6 10. Nc3 b5 11. Rc1 Bd7 12. Qd2 Rc8 13. Rfd1 Na5 14. b3 Bc6 15. d5 Bd7 16. Ne2 e5 17. Bg5 Nb7 18. b4 Rxc1 19. Rxc1 Qb8 20. Ne1 Rc8 21. a3 Kf8 22. Rxc8+ Qxc8 23. Qc2 Ke8 24. Be3 Ng8 25. Qxc8+ Bxc8 26. a4 bxa4 27. Bxa6 Bh6 28. Bxh6 Nxh6 29. Nc3 f5 30. f3 fxe4 31. fxe4 Kd8 32. Nxa4 Kc7 33. Nf3 Nf7 34. Kf2 Bd7 35. Nc3 Kb6 36. Be2 Nbd8 37. Ke3 Be8 38. Kd3 Bd7 39. Kc4 Nb7 40. Nh2 Nh6 41. Bd1 Nd8 42. Ba4 Bc8 43. Be8 Ng8 44. Nf3 Nf6 45. Ba4 Nf7 46. Bc2 Nh5 47. Bd3 Bd7 48. b5 Nf4 49. Bf1 Ka5 50. Kb3 g5 51. Nd2 Kb6 52. Nc4+ Kc7 53. b6+ Kb8 54. Kb4 h5 55. Nb5 Bxb5 56. Kxb5 Ng6 57. Kc6 Ne7+ 58. Kd7 Nc8 59. Be2 h4 60. Bh5 Nh6 61. b7 Kxb7 62. Nxd6+ Nxd6 63. Kxd6 1-0

[Event "Stuttgart-chB int"]
[Site "Ditzingen"]
[Date "2018.05.10"]
[Round "1"]
[White "Old, Stefan"]
[Black "Bitzenauer, Sebastian"]
[Result "0-1"]
[WhiteElo "1526"]
[BlackElo "1880"]
[PlyCount "70"]
[EventDate "2018.05.10"]
[EventType "swiss"]
[EventRounds "7"]
[EventCountry "GER"]
[SourceTitle "EXT 2020"]
[Source "ChessBase"]
[SourceDate "2019.10.17"]
[SourceVersion "1"]
[SourceVersionDate "2019.10.17"]
[SourceQuality "1"]

1. d4 Nf6 2. Nf3 e6 3. c4 Bb4+ 4. Bd2 a5 5. a3 Be7 6. Nc3 b6 7. e4 d6 8. Bd3 c5 9. d5 e5 10. 0-0 0-0 11. Nb5 Ne8 12. Qc2 Na6 13. Be3 Nac7 14. Nc3 Bd7 15. Nd2 g6 16. f4 f6 17. Rf2 Ng7 18. Raf1 Qe8 19. Nf3 Qd8 20. fxe5 dxe5 21. Qd2 Nce8 22. Bh6 Nd6 23. a4 Qc7 24. b3 Rf7 25. h3 Raf8 26. Qe2 Nc8 27. Nh2 Bd6 28. Ng4 f5 29. exf5 gxf5 30. Nb5 Bxb5 31. Bxf5 Rxf5 32. Rxf5 Rxf5 33. Rxf5 Nxf5 34. Nf6+ Kh8 35. Qg4 Nxh6 0-1